000 00665nam a22002177a 4500
003 0
005 20240524115717.0
008 240524b xxu||||| |||| 00| 0 eng d
020 _a9786210404302
050 _aKPM 810
_b.D44 2021
100 _aDe Leon, Hector S.
245 _aThe law on obligations and contracts
_cHector S. De Leon and Hector M. De Leon, Jr.
250 _aTwelfth edition
260 _aManila
_bRex Book Store
_c2021
300 _axxii, 453 pages ;
_c24cm.
500 _aIncludes study guide.
650 _aContracts -- Philippines.
650 _aObligations (Law) -- Philippines.
700 _aDe Leon, Hector M.
942 _2lcc
_cBK
999 _c365996
_d365996